La fin d'une société (Record no. 166006)

MARC details
000 -LEADER
campo de control de longitud fija 00715nam a22001935i 4500
001 - NÚMERO DE CONTROL
campo de control 166006
003 - IDENTIFICADOR DE NÚMERO DE CONTROL
campo de control ES-MaACL
005 - FECHA Y HORA DE LA ÚLTIMA TRANSACCIÓN
campo de control 20230906213239.0
008 - DATOS DE LONGITUD FIJA--INFORMACIÓN GENERAL
campo de control de longitud fija 050915s1907 fr | |||||||| ||fre d
040 ## - FUENTE DE CATALOGACIÓN
Centro catalogador/agencia de origen CAM
Lengua de catalogación spa
Centro/agencia transcriptor CAM
100 1# - ENTRADA PRINCIPAL--NOMBRE DE PERSONA
Nombre de persona Talmeyr, Maurice.
9 (RLIN) 133111
245 13 - MENCIÓN DEL TÍTULO
Título La fin d'une société
Resto del título : les maisons d'illusion /
Mención de responsabilidad, etc. Mayrice Talmeyr.
260 ## - PUBLICACIÓN, DISTRIBUCIÓN, ETC.
Lugar de publicación, distribución, etc. Paris :
Nombre del editor, distribuidor, etc. Société d'édition et de publications :
-- Librairie Félix Juven,
Fecha de publicación, distribución, etc. [1907] (
Fabricante Imp. Paul Dupont)
300 ## - DESCRIPCIÓN FÍSICA
Extensión VIII, 285 p. ;
Dimensiones 19 cm.
596 ## - NOTA AL PIE DE IMPRENTA
NOTA AL PIE DE IMPRENTA En la última pag. consta la fecha de 1907.
700 1# - ENTRADA AGREGADA--NOMBRE PERSONAL
Nombre de persona Juven, Félix.
9 (RLIN) 128414
752 ## - ENTRADA AGREGADA--NOMBRE JERÁRQUICO DEL LUGAR
País o entidad superior Francia -
Ciudad París
852 ## - LOCALIZACIÓN
Ubicación ES-MaACL
Número de control de estantería D-843
Nota libre -- Enc. hol., conservando la enc. original
Holdings
Estatus retirado Estado de pérdida Estado de daño No para préstamo Biblioteca de origen Biblioteca actual Ubicación en estantería Fecha de adquisición Fuente de adquisición Total de préstamos Signatura topográfica completa Código de barras Visto por última vez Precio de reemplazo Tipo de ítem Koha
        Biblioteca del Ateneo de Madrid Biblioteca del Ateneo de Madrid Sala Valle Inclán 17/01/2008     D-843 901174096 23/02/2023 23/02/2023 Libro impreso